000 00296nam a2200109Ia 4500
008 220204s9999 xx 000 0 und d
082 _a378(058.7)(540)
_bALL
245 0 _aAll India educational directory. 1972
250 _aEd.28
260 _aChandigarh
_bAll India Directories
_c1972
942 _cBK
999 _c21796
_d21796